Philadelphia Professional Sports Teams - Statistics

General Stats
  • This quiz has been taken 447 times
  • The average score is 5 of 6
Answer Stats
Hint Answer % Correct
NFL Eagles
97%
NBA 76ers
96%
MLB Phillies
96%
NHL Flyers
95%
MLS Union
64%
NLL Wings
45%
No matching quizzes found
Score Distribution
Percent of People with Each Score
Percentile by Number Answered
Your Score History
You have not taken this quiz